[Event "CAN-ch U12 w"]
[Site "Regina CAN"]
[Date "2019.07.10"]
[Round "7.56"]
[White "Sreekumar, Gauri"]
[Black "Geillon-Barral, Roween"]
[Result "0-1"]
[WhiteElo "799"]
[BlackElo "884"]
[PlyCount "64"]
[EventDate "2019.07.07"]
[EventType "swiss"]
[EventRounds "7"]
[EventCountry "CAN"]

1. e4 e5 2. Nf3 Nc6 3. Bc4 h6 4. O-O Nf6 5. Nc3 Bc5 6. d3 O-O 7. Bd2 d6 8. h3
Qe7 9. Nh4 Be6 10. Bb3 Nd4 11. Kh2 Kh7 12. f4 Bxb3 13. axb3 Rg8 14. f5 g5 15.
fxg6+ fxg6 16. Nf3 Nh5 17. Nxd4 Bxd4 18. Qf3 Raf8 19. Qg4 Nf4 20. Bxf4 exf4 21.
Rxf4 Rxf4 22. Qxf4 Be5 23. Nd5 Bxf4+ 24. g3 Qe5 25. gxf4 Qxb2 26. Rg1 Qxc2+ 27.
Kh1 Qxd3 28. Nf6+ Kg7 29. Nxg8 Kxg8 30. Rxg6+ Kh7 31. Re6 Qxh3+ 32. Kg1 Qxe6
0-1

[Event "CYCC U08"]
[Site "Regina CAN"]
[Date "2019.07.07"]
[Round "1.16"]
[White "Schaffer, Gavin"]
[Black "Guillemette, Hugo"]
[Result "0-1"]
[WhiteElo "851"]
[BlackElo "1428"]
[PlyCount "48"]
[EventDate "2019.07.07"]
[EventType "swiss"]
[EventRounds "7"]
[EventCountry "CAN"]

1. e3 e5 2. Bc4 d5 3. Be2 Nf6 4. d4 e4 5. Nh3 Bd6 6. Ng5 h6 7. Nh3 Nc6 8. b3
Be6 9. a4 O-O 10. b4 Bxb4+ 11. Nd2 Qe7 12. Ba3 Bxa3 13. Rxa3 Qxa3 14. Nb1 Qe7
15. c3 Nd7 16. a5 Rae8 17. Rg1 Nxa5 18. Nf4 Nb6 19. g3 Nac4 20. Bxc4 Nxc4 21.
Nxe6 fxe6 22. Qb3 Qf6 23. Nd2 Qxf2+ 24. Kd1 Qxd2# 0-1

[Event "CYCC U08"]
[Site "Regina CAN"]
[Date "2019.07.07"]
[Round "1.17"]
[White "Guo, Channing"]
[Black "Sorgard, William"]
[Result "0-1"]
[WhiteElo "1199"]
[BlackElo "845"]
[PlyCount "54"]
[EventDate "2019.07.07"]
[EventType "swiss"]
[EventRounds "7"]
[EventCountry "CAN"]

1. e4 e5 2. Nf3 Nc6 3. Bc4 Bc5 4. Nc3 Nf6 5. h3 O-O 6. d3 h6 7. Bd2 Nd4 8. Nxd4
Bxd4 9. O-O d6 10. Qe2 Be6 11. Qf3 Bxc4 12. dxc4 Bxc3 13. Qxc3 Nxe4 14. Qe3
Nxd2 15. Qxd2 Qh4 16. Qb4 d5 17. Qxb7 Rab8 18. Qxc7 Rxb2 19. Qxe5 Rxc2 20. Qxd5
Rd8 21. Qc5 Rdd2 22. Qxa7 Qxc4 23. Qb8+ Kh7 24. Qb1 Qc5 25. a4 Rxf2 26. a5
Rxf1+ 27. Kh2 Qd6# 0-1

[Event "CYCC U08"]
[Site "Regina CAN"]
[Date "2019.07.07"]
[Round "1.18"]
[White "Yang, Nathan"]
[Black "Gao, Justin"]
[Result "1/2-1/2"]
[WhiteElo "817"]
[BlackElo "1110"]
[PlyCount "69"]
[EventDate "2019.07.07"]
[EventType "swiss"]
[EventRounds "7"]
[EventCountry "CAN"]

1. e4 e5 2. Nf3 Nc6 3. Bc4 Bc5 4. Nc3 Nf6 5. d3 h6 6. O-O O-O 7. h3 d6 8. Be3
Bb6 9. Qd2 Nd4 10. Bxd4 Bxd4 11. Nxd4 exd4 12. Nd5 Nxd5 13. Bxd5 c6 14. Bb3 Be6
15. f4 Bxb3 16. axb3 f5 17. Rfe1 fxe4 18. dxe4 c5 19. e5 Qh4 20. exd6 Qxf4 21.
Qxf4 Rxf4 22. d7 Rd8 23. Re8+ Rf8 24. Rxf8+ Kxf8 25. Rxa7 Rxd7 26. Ra1 d3 27.
cxd3 Rxd3 28. Rc1 b6 29. b4 Rb3 30. bxc5 bxc5 31. Rxc5 Rxb2 32. Rc8+ Kf7 33.
Rc7+ Kg6 34. Rc6+ Kh7 35. Kh2 1/2-1/2

[Event "CYCC U08"]
[Site "Regina CAN"]
[Date "2019.07.07"]
[Round "1.19"]
[White "Mendes, Aaron"]
[Black "Mok, Erwin"]
[Result "1-0"]
[WhiteElo "1098"]
[BlackElo "805"]
[Annotator ",Microsoft"]
[PlyCount "55"]
[EventDate "2019.07.07"]
[EventType "swiss"]
[EventRounds "7"]
[EventCountry "CAN"]

1. d4 Nf6 2. c4 g6 3. Nc3 Bg7 4. Nf3 O-O 5. g3 d6 6. Bg2 Nbd7 7. O-O c5 8. Bg5
Qc7 9. d5 Nb6 10. Qb3 a6 11. Rad1 h6 12. Bf4 Nh5 13. Bd2 Nd7 14. g4 Nhf6 15. h3
h5 16. g5 Ne8 17. Bf4 f6 18. Qc2 f5 19. Rfe1 Nb6 20. b3 Bd7 21. Bh2 a5 22. e4
Rf7 23. e5 dxe5 24. Nxe5 Bxe5 25. Bxe5 Qc8 26. Re2 Kh7 27. Rde1 Qd8 28. d6 {
etc. (41 moves)} 1-0

[Event "CYCC U08"]
[Site "Regina CAN"]
[Date "2019.07.07"]
[Round "1.20"]
[White "Chen, Zhengyu"]
[Black "Ajith, Aarush"]
[Result "0-1"]
[WhiteElo "799"]
[BlackElo "1078"]
[Annotator ",Microsoft"]
[PlyCount "45"]
[EventDate "2019.07.07"]
[EventType "swiss"]
[EventRounds "7"]
[EventCountry "CAN"]

1. e4 c5 2. c3 Nf6 3. e5 Nd5 4. d4 e6 5. Bc4 d6 6. Bxd5 exd5 7. Nf3 Bf5 8. O-O
Be7 9. exd6 Qxd6 10. dxc5 Qxc5 11. Be3 Qd6 12. Nbd2 O-O 13. Nd4 Bd3 14. Re1 Bf6
15. N2f3 Bg6 16. Qd2 Nc6 17. Rad1 Na5 18. Nb5 Qe6 19. Bxa7 Qd7 20. Qxd5 Qxd5
21. Rxd5 Nc6 22. Bc5 Rfd8 23. Red1 {etc. (33 moves).} 0-1

[Event "CYCC U08"]
[Site "Regina CAN"]
[Date "2019.07.07"]
[Round "1.21"]
[White "Qu, Jayden"]
[Black "Boucher, Roch"]
[Result "1-0"]
[WhiteElo "1061"]
[BlackElo "768"]
[PlyCount "33"]
[EventDate "2019.07.07"]
[EventType "swiss"]
[EventRounds "7"]
[EventCountry "CAN"]

1. e4 e5 2. Nf3 Nc6 3. d4 Bb4+ 4. c3 Be7 5. d5 Na5 6. Nxe5 d6 7. Nf3 Nc4 8.
Qa4+ Bd7 9. Qxc4 b5 10. Qb3 a5 11. Bxb5 c6 12. dxc6 a4 13. cxd7+ Kf8 14. Bxa4
Rb8 15. Qc4 Rc8 16. dxc8=Q Qxc8 17. Qxc8+ 1-0

[Event "CYCC U08"]
[Site "Regina CAN"]
[Date "2019.07.07"]
[Round "1.22"]
[White "Demchenko, Andrii"]
[Black "Zhong, Ryan"]
[Result "0-1"]
[WhiteElo "735"]
[BlackElo "1057"]
[PlyCount "66"]
[EventDate "2019.07.07"]
[EventType "swiss"]
[EventRounds "7"]
[EventCountry "CAN"]

1. e4 c5 2. Nc3 d6 3. g3 Nf6 4. Bg2 g6 5. Nge2 Bg7 6. O-O O-O 7. d3 Nc6 8. f4
Bd7 9. h3 Qc8 10. Kh2 h5 11. Be3 b6 12. e5 dxe5 13. fxe5 Nxe5 14. Bxa8 Nfg4+
15. hxg4 Nxg4+ 16. Kg1 Nxe3 17. Qe1 Qxa8 18. Qf2 Nxf1 19. Kxf1 Qh1+ 20. Ng1 Bg4
21. Re1 Bd4 22. Qg2 Bh3 23. Qxh3 Qxg1+ 24. Ke2 Qf2+ 25. Kd1 Be3 26. Re2 Qf3 27.
Nd5 Qxd5 28. Rxe3 Qxa2 29. Rxe7 Qxb2 30. Rxa7 Re8 31. Qf1 Qb1+ 32. Kd2 Qxf1 33.
Rb7 Qe1# 0-1

[Event "CYCC U08"]
[Site "Regina CAN"]
[Date "2019.07.07"]
[Round "1.23"]
[White "Huang, Justin"]
[Black "Wang, Lucas"]
[Result "1-0"]
[WhiteElo "1022"]
[BlackElo "672"]
[PlyCount "23"]
[EventDate "2019.07.07"]
[EventType "swiss"]
[EventRounds "7"]
[EventCountry "CAN"]

1. e4 e5 2. Nf3 Nc6 3. Bc4 Nf6 4. Nc3 Bc5 5. O-O O-O 6. d3 Bb6 7. Bg5 d6 8. Nd5
Nxd5 9. Bxd8 Ne3 10. fxe3 Nxd8 11. c3 Nc6 12. b4 1-0

[Event "CYCC U08"]
[Site "Regina CAN"]
[Date "2019.07.07"]
[Round "1.24"]
[White "Lu, Aiden"]
[Black "Wang, Arthur"]
[Result "0-1"]
[WhiteElo "657"]
[BlackElo "1022"]
[PlyCount "112"]
[EventDate "2019.07.07"]
[EventType "swiss"]
[EventRounds "7"]
[EventCountry "CAN"]

1. e4 c5 2. Nf3 d6 3. d4 cxd4 4. Nxd4 Nf6 5. Nc3 Nc6 6. Nf3 e6 7. Bg5 Be7 8.
Bd3 O-O 9. O-O h6 10. Bh4 d5 11. e5 Nd7 12. Bxe7 Qxe7 13. Nb5 Ndxe5 14. Nxe5
Nxe5 15. Re1 Nxd3 16. Qxd3 a6 17. Nd4 b5 18. Qg3 Qf6 19. Re5 Bb7 20. f4 Rac8
21. Qg4 Rc4 22. c3 b4 23. Rae1 bxc3 24. bxc3 Rxc3 25. f5 Rc4 26. fxe6 fxe6 27.
Qxe6+ Kh8 28. Qxf6 gxf6 29. Re7 Rxd4 30. Rxb7 Rd2 31. Ree7 Rc8 32. Rh7+ Kg8 33.
Rbg7+ Kf8 34. h3 Rxa2 35. Ra7 Kg8 36. Rxh6 d4 37. Rah7 Rc1+ 38. Kh2 d3 39. Rh8+
Kf7 40. R6h7+ Ke6 41. Re8+ Kf5 42. Rh5+ Kg6 43. Rh4 Kg5 44. Rg8+ Kxh4 45. Rh8+
Kg5 46. h4+ Kf5 47. Rh5+ Kg6 48. Kh3 Rh1+ 49. Kg4 f5+ 50. Rxf5 Ra4+ 51. Rf4
Rxf4+ 52. Kxf4 d2 53. Kg3 d1=Q 54. h5+ Kg5 55. h6 Qd3+ 56. Kf2 Rf1# 0-1

[Event "CYCC U08"]
[Site "Regina CAN"]
[Date "2019.07.07"]
[Round "1.25"]
[White "Trinh, Khoi"]
[Black "Le, Gabriel"]
[Result "1-0"]
[WhiteElo "994"]
[BlackElo "406"]
[PlyCount "55"]
[EventDate "2019.07.07"]
[EventType "swiss"]
[EventRounds "7"]
[EventCountry "CAN"]

1. d4 d5 2. c4 c6 3. Nc3 Nf6 4. Nf3 Bg4 5. Bg5 Bxf3 6. exf3 e6 7. Bd3 Bb4 8.
cxd5 cxd5 9. O-O O-O 10. Qc2 Nc6 11. Ne2 e5 12. Bxh7+ Kh8 13. dxe5 Nxe5 14. Bf5
d4 15. Rfd1 Rc8 16. Bxc8 b6 17. Bxf6 Qxf6 18. Nxd4 Bc5 19. Bf5 Rd8 20. Ne2
Rxd1+ 21. Rxd1 g6 22. Be4 a5 23. Nc3 Bb4 24. Nd5 Qe6 25. Nxb4 axb4 26. Qb3 Qxb3
27. axb3 f5 28. Bb7 1-0

[Event "CYCC U08"]
[Site "Regina CAN"]
[Date "2019.07.07"]
[Round "2.16"]
[White "Guillemette, Hugo"]
[Black "Trinh, Khoi"]
[Result "1-0"]
[WhiteElo "1429"]
[BlackElo "994"]
[PlyCount "123"]
[EventDate "2019.07.07"]
[EventType "swiss"]
[EventRounds "7"]
[EventCountry "CAN"]

1. e4 c6 2. d4 d5 3. e5 Bf5 4. h4 h5 5. Bd3 Bxd3 6. Qxd3 e6 7. Bg5 Qb6 8. Nd2
c5 9. c4 Nd7 10. Be3 Ne7 11. Ngf3 Nf5 12. Nb3 Nxe3 13. fxe3 Be7 14. O-O O-O 15.
Rac1 Rac8 16. Rc2 Rc7 17. Nbd2 Rfc8 18. b3 Qa6 19. Qe2 b6 20. Qf2 Rf8 21. cxd5
exd5 22. Rfc1 Nb8 23. Qg3 Qd3 24. Rc3 Qf5 25. e6 Qxe6 26. Qxc7 Qd7 27. Qxd7
Nxd7 28. Nf1 Bd6 29. Kf2 g6 30. g3 Nf6 31. Ng5 Re8 32. Kg2 Ng4 33. R1c2 f6 34.
Nh3 Kg7 35. Nf2 Nxf2 36. Rxf2 g5 37. hxg5 fxg5 38. Nd2 Kg6 39. a4 a5 40. Rf3 g4
41. Rf2 Rc8 42. e4 Rd8 43. e5 Be7 44. Rd3 Kg7 45. e6 Kg6 46. Rf7 Re8 47. dxc5
bxc5 48. Rxd5 Bf6 49. Ne4 Rxe6 50. Rxf6+ Rxf6 51. Nxf6 Kxf6 52. Rxh5 Ke6 53.
Rxc5 Kf6 54. Rxa5 Kg6 55. Rb5 Kh6 56. a5 Kg7 57. a6 Kg6 58. a7 Kg7 59. a8=Q Kg6
60. Qc6+ Kf7 61. Rb7+ Kg8 62. Qc8# 1-0

[Event "CYCC U08"]
[Site "Regina CAN"]
[Date "2019.07.07"]
[Round "2.17"]
[White "Wang, Arthur"]
[Black "Mendes, Aaron"]
[Result "0-1"]
[WhiteElo "1022"]
[BlackElo "1098"]
[PlyCount "90"]
[EventDate "2019.07.07"]
[EventType "swiss"]
[EventRounds "7"]
[EventCountry "CAN"]

1. e4 d5 2. exd5 Nf6 3. Nc3 Nxd5 4. Nxd5 Qxd5 5. Nf3 Bg4 6. Be2 g6 7. h3 Bd7 8.
c4 Qd6 9. b3 Bg7 10. Rb1 Bf5 11. d3 O-O 12. Bb2 Rd8 13. Bxg7 Kxg7 14. Rb2 Bxd3
15. Rd2 Qb4 16. O-O Bxe2 17. Qxe2 Rxd2 18. Nxd2 Nc6 19. f4 Rd8 20. Ne4 Nd4 21.
Qb2 Qb6 22. Rd1 c5 23. b4 Qxb4 24. Qxb4 cxb4 25. Nc5 Ne2+ 26. Kf2 Rxd1 27. Kxe2
Ra1 28. Nxb7 Rxa2+ 29. Kd3 Rxg2 30. c5 b3 31. f5 b2 32. f6+ exf6 33. Nd6 b1=Q+
34. Kc3 Qd1 35. Nf5+ gxf5 36. Kb4 a5+ 37. Kb5 a4 38. c6 a3 39. c7 Rb2+ 40. Kc4
Qc1+ 41. Kd3 Rd2+ 42. Ke3 Qe1+ 43. Kf3 Rf2+ 44. Kg3 Qg1+ 45. Kh4 Qg5# 0-1

[Event "CYCC U08"]
[Site "Regina CAN"]
[Date "2019.07.07"]
[Round "2.18"]
[White "Ajith, Aarush"]
[Black "Qin, Weixuan"]
[Result "1-0"]
[WhiteElo "1078"]
[BlackElo "942"]
[Annotator ",Microsoft"]
[PlyCount "38"]
[EventDate "2019.07.07"]
[EventType "swiss"]
[EventRounds "7"]
[EventCountry "CAN"]

1. e4 c5 2. Nf3 Nc6 3. d4 cxd4 4. Nxd4 Nf6 5. Nc3 e5 6. Ndb5 d6 7. Nd5 Nxd5 8.
exd5 Nb8 9. Bd3 Be7 10. O-O O-O 11. Be3 a6 12. Nc3 Nd7 13. f4 Nf6 14. Ne4 Nxd5
15. Bd2 f5 16. Bc4 fxe4 17. Bxd5+ Kh8 18. Bxe4 Qb6+ 19. Kh1 Qxb2 {
1-0 in 27 moves.} 1-0

[Event "CYCC U08"]
[Site "Regina CAN"]
[Date "2019.07.07"]
[Round "2.19"]
[White "Jiang, William"]
[Black "Qu, Jayden"]
[Result "1-0"]
[WhiteElo "979"]
[BlackElo "1061"]
[PlyCount "63"]
[EventDate "2019.07.07"]
[EventType "swiss"]
[EventRounds "7"]
[EventCountry "CAN"]

1. e4 c5 2. Nc3 Nc6 3. g3 Nf6 4. Bg2 d6 5. Bf3 g6 6. Nge2 Bg7 7. O-O Bh3 8. Re1
O-O 9. Nf4 Bd7 10. Bg2 e6 11. d3 a6 12. a4 Qc7 13. Nfe2 h5 14. f4 Rab8 15. h3
b5 16. Qd2 b4 17. Nd1 Nh7 18. Ne3 Na5 19. g4 hxg4 20. hxg4 b3 21. c3 Bc6 22. f5
Qe7 23. Rf1 gxf5 24. gxf5 Kh8 25. Qe1 Rg8 26. Ng4 Bf6 27. Nh6 Rgf8 28. d4 c4
29. Qg3 Bg5 30. Bxg5 Nxg5 31. f6 Qd7 32. Qxg5 1-0

[Event "CYCC U08"]
[Site "Regina CAN"]
[Date "2019.07.07"]
[Round "2.20"]
[White "Zhong, Ryan"]
[Black "Wang, Alan"]
[Result "1-0"]
[WhiteElo "1057"]
[BlackElo "877"]
[PlyCount "55"]
[EventDate "2019.07.07"]
[EventType "swiss"]
[EventRounds "7"]
[EventCountry "CAN"]

1. d4 Nf6 2. Bf4 d5 3. e3 c5 4. c3 e6 5. Bd3 Nc6 6. Nf3 Be7 7. Nbd2 O-O 8. O-O
Bd6 9. Bxd6 Qxd6 10. Qe2 e5 11. dxe5 Nxe5 12. Nxe5 Qxe5 13. e4 dxe4 14. Nxe4
Ng4 15. f4 Qh5 16. h3 Re8 17. hxg4 Bxg4 18. Qf2 b6 19. Rae1 Re6 20. g3 Rh6 21.
Qg2 Bh3 22. Nf6+ gxf6 23. Qxa8+ Kg7 24. Rf2 Bg4 25. Re8 f5 26. Rg8+ Kf6 27.
Qc6+ Ke7 28. Re8# 1-0

[Event "CYCC U08"]
[Site "Regina CAN"]
[Date "2019.07.07"]
[Round "2.21"]
[White "Hu, Richard"]
[Black "Huang, Justin"]
[Result "0-1"]
[WhiteElo "904"]
[BlackElo "1022"]
[PlyCount "102"]
[EventDate "2019.07.07"]
[EventType "swiss"]
[EventRounds "7"]
[EventCountry "CAN"]

1. e4 Nc6 2. Nf3 e6 3. d4 d5 4. exd5 exd5 5. Nc3 Nf6 6. Be3 Be7 7. Bd3 Be6 8.
O-O O-O 9. h3 h6 10. Qd2 Qd7 11. Rfe1 a6 12. a3 Bd6 13. Ne2 Ne7 14. Bf4 Ng6 15.
Bxg6 fxg6 16. Bxd6 Qxd6 17. Nf4 Ne4 18. Qb4 Qxb4 19. axb4 Rxf4 20. Rad1 Bxh3
21. Ne5 Bf5 22. f3 Nd6 23. Rf1 Bxc2 24. Rd2 Bf5 25. g3 Ne4 26. fxe4 Rxf1+ 27.
Kxf1 Bxe4 28. Rf2 Rf8 29. Rxf8+ Kxf8 30. Kf2 Ke7 31. Ke3 Bf5 32. g4 Be4 33. Kf4
h5 34. gxh5 gxh5 35. Kg5 g6 36. Kf4 Ke6 37. Kg5 Bf5 38. Nf3 Be4 39. Kf4 Bxf3
40. Kxf3 Kf5 41. Kg3 g5 42. b3 g4 43. Kg2 Kf4 44. Kh2 h4 45. Kg2 g3 46. Kf1 Kf3
47. Ke1 g2 48. Kd2 g1=Q 49. Kc3 Qc1+ 50. Kd3 Qd1+ 51. Kc3 Ke3 0-1

[Event "CYCC U08"]
[Site "Regina CAN"]
[Date "2019.07.07"]
[Round "2.22"]
[White "Sorgard, William"]
[Black "Yang, Nathan"]
[Result "1-0"]
[WhiteElo "845"]
[BlackElo "817"]
[PlyCount "53"]
[EventDate "2019.07.07"]
[EventType "swiss"]
[EventRounds "7"]
[EventCountry "CAN"]

1. e4 e5 2. Nf3 Nc6 3. Bc4 Bc5 4. O-O d6 5. h3 Nf6 6. d3 h6 7. Nc3 O-O 8. Nd5
Nxd5 9. exd5 Ne7 10. Bd2 Ng6 11. Qc1 Kh7 12. c3 c6 13. d4 exd4 14. cxd4 Bb6 15.
Bd3 c5 16. dxc5 Bxc5 17. Ne5 Qf6 18. Nxg6 fxg6 19. Bc3 Bxf2+ 20. Kh1 Be3 21.
Rxf6 Bxc1 22. Rxf8 Bg5 23. Rf7 Kg8 24. Rxg7+ Kf8 25. Rf1+ Ke8 26. Bxg6+ Kd8 27.
Rf8# 1-0

[Event "CYCC U08"]
[Site "Regina CAN"]
[Date "2019.07.07"]
[Round "2.23"]
[White "Gao, Justin"]
[Black "Guo, Channing"]
[Result "1-0"]
[WhiteElo "1110"]
[BlackElo "1199"]
[PlyCount "93"]
[EventDate "2019.07.07"]
[EventType "swiss"]
[EventRounds "7"]
[EventCountry "CAN"]

1. d4 d5 2. c4 e6 3. Bf4 Bb4+ 4. Bd2 Bxd2+ 5. Nxd2 Nc6 6. Ngf3 Nf6 7. e3 O-O 8.
Bd3 Bd7 9. O-O Re8 10. e4 dxe4 11. Nxe4 e5 12. dxe5 Nxe4 13. Bxe4 Rb8 14. Bxc6
Bxc6 15. Qxd8 Rbxd8 16. Rad1 Rxd1 17. Rxd1 Bxf3 18. gxf3 h6 19. Rd7 Rxe5 20.
Rxc7 Re1+ 21. Kg2 Ra1 22. a3 b6 23. Rxa7 Rb1 24. b4 Rc1 25. Rc7 b5 26. c5 Kf8
27. Rb7 Ra1 28. Rxb5 Rxa3 29. Ra5 Rb3 30. b5 Ke7 31. b6 Kd7 32. Ra7+ Kc6 33.
Rc7+ Kb5 34. b7 Ka6 35. c6 Rb5 36. Rc8 Rg5+ 37. Kf1 Rb5 38. Ra8+ Kb6 39. b8=Q+
Kxc6 40. Ra6+ Kc5 41. Qd6+ Kc4 42. Ra4+ Kc3 43. Qd4+ Kc2 44. Ra2+ Kb3 45. Rb2+
Ka3 46. Qc3+ Ka4 47. Ra2# 1-0

[Event "CYCC U08"]
[Site "Regina CAN"]
[Date "2019.07.07"]
[Round "2.24"]
[White "Le, Gabriel"]
[Black "Schaffer, Gavin"]
[Result "1-0"]
[WhiteElo "406"]
[BlackElo "851"]
[Annotator ",Microsoft"]
[PlyCount "47"]
[EventDate "2019.07.07"]
[EventType "swiss"]
[EventRounds "7"]
[EventCountry "CAN"]

1. e4 e6 2. Nf3 Nf6 3. Nc3 g6 4. Bc4 Bg7 5. O-O d5 6. exd5 exd5 7. Bb3 d4 8.
Ne2 O-O 9. c3 dxc3 10. dxc3 Bg4 11. Ned4 c5 12. Nb5 Na6 13. Qxd8 Raxd8 14. Nxa7
Ra8 15. Nb5 Ne8 16. Nd2 Nec7 17. Nxc7 Nxc7 18. c4 b6 19. a3 b5 20. cxb5 Be6 21.
Bxe6 Nxe6 22. Ne4 Rad8 23. Be3 Rc8 24. Rfc1 {etc. 1-0 (39 moves).} 1-0

[Event "CYCC U08"]
[Site "Regina CAN"]
[Date "2019.07.07"]
[Round "2.25"]
[White "Mok, Erwin"]
[Black "Lu, Aiden"]
[Result "1-0"]
[WhiteElo "805"]
[BlackElo "657"]
[PlyCount "85"]
[EventDate "2019.07.07"]
[EventType "swiss"]
[EventRounds "7"]
[EventCountry "CAN"]

1. d4 d5 2. c4 c6 3. cxd5 cxd5 4. Bf4 Nf6 5. e3 Nc6 6. Nc3 Bf5 7. Nf3 e6 8. Be2
Bd6 9. Bxd6 Qxd6 10. O-O Ng4 11. h3 Nf6 12. a3 a6 13. Na4 b5 14. Nc5 O-O 15. b4
Ne4 16. Rc1 Nxc5 17. Rxc5 f6 18. Bd3 Be4 19. Bxe4 dxe4 20. Nd2 f5 21. Qc2 Rac8
22. Rc1 Rf6 23. Rxc6 Rxc6 24. Qxc6 Qb8 25. Qc8+ Qxc8 26. Rxc8+ Kf7 27. Ra8 h5
28. Rxa6 h4 29. Rb6 f4 30. Rxb5 fxe3 31. fxe3 g5 32. Nxe4 g4 33. Nxf6 Kxf6 34.
a4 e5 35. a5 Kf5 36. a6 Ke4 37. Rxe5+ Kd3 38. a7 g3 39. a8=Q Ke2 40. Qa6+ Ke1
41. Qa2 Kd1 42. Rc5 Ke1 43. Rc1# 1-0

[Event "CYCC U08"]
[Site "Regina CAN"]
[Date "2019.07.08"]
[Round "3.16"]
[White "Zhong, Ryan"]
[Black "Guillemette, Hugo"]
[Result "0-1"]
[WhiteElo "1057"]
[BlackElo "1428"]
[PlyCount "120"]
[EventDate "2019.07.07"]
[EventType "swiss"]
[EventRounds "7"]
[EventCountry "CAN"]

1. d4 d5 2. Bf4 c5 3. e3 Nc6 4. c3 Nf6 5. Bd3 e6 6. Nd2 cxd4 7. exd4 Bd6 8. Bg3
O-O 9. Ngf3 Qc7 10. Qe2 Bd7 11. O-O-O Rac8 12. Bxd6 Qxd6 13. Ne5 Nxd4 14. Qe3
Nc6 15. Nxd7 Qxd7 16. Nb3 b6 17. c4 Qb7 18. Kb1 Nb4 19. cxd5 Nfxd5 20. Qf3 Nxd3
21. Rxd3 Qe7 22. Re1 Qf6 23. Qxf6 Nxf6 24. Red1 Nd5 25. Nd4 Rfd8 26. Nb5 a6 27.
Nc3 Nxc3+ 28. bxc3 Rxd3 29. Rxd3 Kf8 30. Kc2 Ke7 31. Kb3 a5 32. a4 Rc5 33. Rd4
e5 34. Re4 f5 35. Re2 Kf6 36. Rd2 Ke7 37. Re2 g5 38. Re3 Ke6 39. Rh3 g4 40.
Rxh7 Kd5 41. Rd7+ Ke4 42. Rd2 Kf4 43. Rd3 e4 44. Re3 Ke5 45. h3 f4 46. Re2 f3
47. gxf3 gxf3 48. Re3 Kf4 49. Re1 Rh5 50. Re3 Rxh3 51. Kc4 Rh5 52. Kd4 Re5 53.
c4 Kf5 54. Kc3 Re8 55. Kd4 Rd8+ 56. Kc3 Rd1 57. Kc2 Rf1 58. Kd2 Rxf2+ 59. Ke1
Rc2 60. Kf1 Rxc4 0-1

[Event "CYCC U08"]
[Site "Regina CAN"]
[Date "2019.07.08"]
[Round "3.17"]
[White "Mendes, Aaron"]
[Black "Sorgard, William"]
[Result "1-0"]
[WhiteElo "1098"]
[BlackElo "845"]
[PlyCount "85"]
[EventDate "2019.07.07"]
[EventType "swiss"]
[EventRounds "7"]
[EventCountry "CAN"]

1. d4 d5 2. Nf3 Bf5 3. Bf4 Nc6 4. c3 Nf6 5. e3 a6 6. Bd3 Bg4 7. Nbd2 e6 8. Qc2
Bd6 9. Bg3 O-O 10. e4 dxe4 11. Nxe4 Bxf3 12. gxf3 Nxe4 13. fxe4 e5 14. d5 Ne7
15. O-O-O c6 16. Bh4 Qa5 17. a3 cxd5 18. exd5 Ng6 19. Bg3 Qxd5 20. Bxg6 Qa2 21.
Bxh7+ Kh8 22. Rxd6 Qa1+ 23. Qb1 Qxb1+ 24. Bxb1 Rac8 25. Bxe5 Rfe8 26. f4 f6 27.
Bxf6 gxf6 28. Rxf6 Kg7 29. Rg6+ Kf7 30. Rb6 Rc7 31. Bg6+ Kf8 32. Bxe8 Kxe8 33.
Re1+ Kd8 34. Rd6+ Rd7 35. Rxd7+ Kxd7 36. f5 b5 37. f6 b4 38. f7 bxa3 39. bxa3
a5 40. f8=Q Kc7 41. Qf6 Kb7 42. Re7+ Kb8 43. Qf8# 1-0

[Event "CYCC U08"]
[Site "Regina CAN"]
[Date "2019.07.08"]
[Round "3.18"]
[White "Huang, Justin"]
[Black "Ajith, Aarush"]
[Result "1-0"]
[WhiteElo "1022"]
[BlackElo "1078"]
[PlyCount "153"]
[EventDate "2019.07.07"]
[EventType "swiss"]
[EventRounds "7"]
[EventCountry "CAN"]

1. Nf3 d5 2. b3 Nf6 3. Bb2 e6 4. d4 Be7 5. e3 Nbd7 6. c4 O-O 7. Nc3 c5 8. Be2
b6 9. O-O Bb7 10. Qc2 Rc8 11. Rad1 Bd6 12. Rfe1 Qc7 13. Nb5 Qb8 14. Nxd6 Qxd6
15. dxc5 Nxc5 16. Bxf6 gxf6 17. Bd3 Na6 18. Bxh7+ Kh8 19. Bd3 e5 20. Bf5 Rc7
21. Qb1 Rg8 22. cxd5 Qf8 23. h3 Rc5 24. e4 Nc7 25. g3 Nb5 26. Rc1 Ba6 27. Rxc5
Qxc5 28. Kg2 Nd4 29. Qc1 Nxf5 30. exf5 Qxc1 31. Rxc1 Rc8 32. Rd1 Bb7 33. d6 e4
34. Ne1 e3+ 35. f3 Kg8 36. Rd3 Rd8 37. Rxe3 Rxd6 38. Rd3 Rc6 39. Rd7 Bc8 40.
Rxa7 Bxf5 41. Re7 Kf8 42. Re2 Be6 43. Nc2 Rd6 44. g4 Rd3 45. Nb4 Rc3 46. Rc2
Re3 47. Rf2 Re5 48. Rc2 Rb5 49. Nc6 f5 50. gxf5 Bxf5 51. Nd4 Ra5 52. Nxf5 Rxf5
53. Rc6 Ra5 54. Rxb6 Rxa2+ 55. Kg3 Kg7 56. h4 f6 57. Kg4 Rg2+ 58. Kh3 Rg1 59.
b4 f5 60. Kh2 Rf1 61. Kg2 Rc1 62. b5 Rc4 63. Kg3 Rb4 64. h5 Rb1 65. Kf4 Rh1 66.
h6+ Kf7 67. h7 Ke8 68. Kxf5 Rxh7 69. Rb8+ Kf7 70. Rb7+ Kg8 71. Rxh7 Kxh7 72. b6
Kg7 73. b7 Kh7 74. b8=Q Kg7 75. Qc7+ Kh6 76. Qd7 Kh5 77. Qh7# 1-0

[Event "CYCC U08"]
[Site "Regina CAN"]
[Date "2019.07.07"]
[Round "3.19"]
[White "Gao, Justin"]
[Black "Jiang, William"]
[Result "0-1"]
[WhiteElo "1110"]
[BlackElo "979"]
[PlyCount "70"]
[EventDate "2019.07.07"]
[EventType "swiss"]
[EventRounds "7"]
[EventCountry "CAN"]

1. d4 d5 2. c4 c6 3. Nc3 dxc4 4. e4 b5 5. a4 Ba6 6. d5 b4 7. Na2 e6 8. dxc6
Qxd1+ 9. Kxd1 Nxc6 10. Nf3 Nf6 11. b3 Nxe4 12. Ke1 Bc5 13. Be3 Be7 14. Rc1 Na5
15. Nd4 e5 16. Nf5 Bf8 17. f3 Nc3 18. Nxg7+ Kd8 19. Nxc3 bxc3 20. Bg5+ Kc7 21.
bxc4 Bxg7 22. Rxc3 Bf8 23. Kd1 Bb4 24. Rc2 Rab8 25. c5 Bxf1 26. Rxf1 Nb3 27.
Be7 Kc6 28. f4 Nd4 29. Rb2 Bxc5 30. fxe5 Rxb2 31. Rf6+ Kd5 32. Rxf7 Bxe7 33.
Rxe7 Rf8 34. Kc1 Re2 35. Kd1 Rf1# 0-1

[Event "CYCC U08"]
[Site "Regina CAN"]
[Date "2019.07.08"]
[Round "3.20"]
[White "Qu, Jayden"]
[Black "Wang, Alan"]
[Result "1-0"]
[WhiteElo "1061"]
[BlackElo "877"]
[PlyCount "59"]
[EventDate "2019.07.07"]
[EventType "swiss"]
[EventRounds "7"]
[EventCountry "CAN"]

1. e4 e6 2. d4 d5 3. exd5 exd5 4. Bf4 Nf6 5. Nc3 Bb4 6. Bd3 c5 7. dxc5 Nc6 8.
a3 Bxc3+ 9. bxc3 O-O 10. Ne2 Re8 11. O-O Bg4 12. f3 Bh5 13. Nd4 Bg6 14. Bxg6
fxg6 15. Nb5 Rc8 16. Nd6 Nh5 17. Nxe8 Qxe8 18. Re1 Qf7 19. Bd6 Na5 20. Re7 Qf6
21. Qxd5+ Kh8 22. Qe4 h6 23. Qe6 Qxc3 24. Qxc8+ Kh7 25. Rae1 Qd4+ 26. Kh1 Qh4
27. Re8 g5 28. Qf5+ g6 29. Qf7+ Ng7 30. Qg8# 1-0

[Event "CYCC U08"]
[Site "Regina CAN"]
[Date "2019.07.08"]
[Round "3.21"]
[White "Chen, Zhengyu"]
[Black "Wang, Arthur"]
[Result "0-1"]
[WhiteElo "799"]
[BlackElo "1022"]
[PlyCount "94"]
[EventDate "2019.07.07"]
[EventType "swiss"]
[EventRounds "7"]
[EventCountry "CAN"]

1. e4 c5 2. c3 Nf6 3. e5 Nd5 4. d4 cxd4 5. cxd4 Nc6 6. Bc4 Nb6 7. Bb3 d6 8.
exd6 exd6 9. Nf3 Be7 10. O-O O-O 11. Bd2 Bg4 12. Bf4 Bxf3 13. gxf3 Bf6 14. d5
Ne7 15. Nc3 a6 16. Ne4 Bxb2 17. Rb1 Be5 18. Be3 f5 19. f4 fxe4 20. fxe5 Nbc8
21. Kh1 Kh8 22. e6 Ng6 23. Rg1 Ne5 24. Bd4 Ng6 25. Qh5 Nce7 26. Rxg6 Nxg6 27.
Rg1 Kg8 28. Bc2 Rf4 29. f3 Rh4 30. Qf5 Qf8 31. Qg5 Qxf3+ 32. Rg2 Qf4 33. Be3
Qxg5 34. Bxg5 Rh3 35. Bxe4 b5 36. Bxg6 hxg6 37. Bf4 Rd3 38. Rg5 Kf8 39. Bxd6+
Ke8 40. Bc7 Ke7 41. Kg2 Kf6 42. Re5 Re8 43. d6 Rxe6 44. Rc5 Re2+ 45. Kf1 Rxh2
46. Ke1 Rxa2 47. Rc6 Ke6 0-1